The Oxford Handbook of Public Policy

Saved in:
Bibliographic Details
Other Authors: Moran, Michael, Rein, Martin, Goodin, Robert E.
Format: Book
Language:English
Published: New York Oxford University Press 2008
Edition:1st Published in Paperback
Subjects:
Tags: Add Tag
No Tags, Be the first to tag this record!

MARC

LEADER 00000nam a2200000 4500
001 0292539
005 20240416113609.3
020 |a 978-0-19-954845-3 
020 |a 978-0-19-926928-0 
041 0 |a eng 
044 |a US 
245 1 0 |a The Oxford Handbook of Public Policy  |c edited by Michael Moran, Martin Rein and Robert E. Goodin 
250 |a 1st Published in Paperback 
264 1 |a New York  |b Oxford University Press  |c 2008 
300 |a 983 s. 
610 2 0 |a politika verejná 
610 2 0 |a správa verejná 
610 2 0 |a ekonomika verejná 
610 2 0 |a moc štátna 
610 2 0 |a správa štátna 
700 1 |a Moran, Michael 
700 1 |a Rein, Martin 
700 1 |a Goodin, Robert E.